Art and Craft Of Indus Valley Civilization/ (Record no. 189085)

MARC details
000 -LEADER
fixed length control field 00611nam a2200181 4500
005 - DATE AND TIME OF LATEST TRANSACTION
control field 20220613144429.0
010 ## - LCCN (DPL NO)
LC control number ENG-133246
020 ## - INTERNATIONAL STANDARD BOOK NUMBER
International Standard Book Number 9789384861087
Terms of availability 950.00
035 ## - SYSTEM CONTROL NUMBER
System control number EN-116778
037 ## - SOURCE OF ACQUISITION
Source of stock number/acquisition DBAD/PUB
082 ## - DEWEY DECIMAL CLASSIFICATION NUMBER
Classification number 934
100 ## - MAIN ENTRY--PERSONAL NAME
Personal name Pathak, Deepak
245 ## - TITLE STATEMENT
Title Art and Craft Of Indus Valley Civilization/
Statement of responsibility, etc Deepak Pathak
260 ## - PUBLICATION, DISTRIBUTION, ETC. (IMPRINT)
Place of publication, distribution, etc Delhi
Name of publisher, distributor, etc Jyotsana Publications
Date of publication, distribution, etc 2015
270 ## - ADDRESS
City Delhi
Address E-Block, 422/6, 4th Floor, 15H Sahdev Gali, Ashok Nagar, Shahdara
Postal code 110093
Electronic mail address jyotsnapublication@gmail.com
300 ## - PHYSICAL DESCRIPTION
Extent v, 231p.
Other physical details Bibliography
Dimensions 22cm(hbk)
942 ## - ADDED ENTRY ELEMENTS (KOHA)
Source of classification or shelving scheme Dewey Decimal Classification
Item type English Books
Classification part 934
Call number suffix PAT
Holdings
Withdrawn status Lost status Not for loan Collection code Home library Current library Date acquired Source of acquisition Cost, normal purchase price Full call number Barcode Copy number Cost, replacement price Koha item type
      Non-fiction Bawana Bawana 13/06/2022 DBAD/PUB 950.00 934 PAT EN-116778 1 950.00 English Books

© Delhi Public Library
Hit Counter
free hit counter